Komplexná akreditácia vysokých škôl a hodnotenie systému vnútorného zabezpečovania kvality vysokoškolského vzdelávania

Analýza výsledkov akreditácie vysokých škôl, ktoré sa podrobili procesu komplexnej akreditácie v kontexte výsledkov hodnotenia kritérií vnútorného systému zabezpečovania kvality vysokoškolského vzdelávania, ktoré boli súčasťou akreditácie po prvý raz. Výsledky komplexnej akreditácie 19 verejných škô...

Descrizione completa

Salvato in:
Dettagli Bibliografici
Autore principale: Džubáková, Martina
Natura: Capitolo di libro
Lingua:slovacco
Soggetti:
Tags: Aggiungi Tag
Nessun Tag, puoi essere il primo ad aggiungerne!!

MARC

LEADER 00000nla a2200000 4500
001 0223598
005 20250701121710.9
041 0 |a slo 
044 |a SK 
245 1 0 |a Komplexná akreditácia vysokých škôl a hodnotenie systému vnútorného zabezpečovania kvality vysokoškolského vzdelávania  |c Martina Džubáková 
520 |a Analýza výsledkov akreditácie vysokých škôl, ktoré sa podrobili procesu komplexnej akreditácie v kontexte výsledkov hodnotenia kritérií vnútorného systému zabezpečovania kvality vysokoškolského vzdelávania, ktoré boli súčasťou akreditácie po prvý raz. Výsledky komplexnej akreditácie 19 verejných škôl, ktoré sa podľa harmonogramu akreditácie v roku 2014 až 2015 podrobili procesu komplexnej akreditácie. 
610 2 0 |a školy vysoké 
610 2 0 |a univerzity 
610 2 0 |a vzdelávanie vysokoškolské 
610 2 0 |a kvalita vzdelávania 
610 2 0 |a akreditácia 
610 2 0 |a Slovensko 
100 1 |a Džubáková, Martina